000 01115cab a2200193 4500
001 ##L131634
008 051121n2005 000 0 eng u
035 _a(Sirsi) u131634
041 0 _aeng
100 1 _aRavenscroft, Neil
245 0 0 _aDelimiting leisure and culture
_btowards a new definition of leisure property
260 _c2005
490 0 _aJournal of Retail and Leisure Property
_v4(4) 2005, 313-323(11)
520 _aArgues that while leisure has gained increasing recognition as a property sector, the definition of this sector has been narrowed to such an extent that it is now hard to distinguish from the retail sector. Using Pratt's cultural production model allied to the Standard Industrial Classification system, the paper suggests that, unlike retail, leisure activity represents a nexus between production, distribution, reproduction and consumption that is currently not reflected by common understandings of leisure property. [Taken from journal abstract.]
590 _aIKA221105
690 _aPROPERTY-COMMERCIAL PROPERTY-LEISURE PROPERTY
700 1 _aGilchrist, Paul
942 _n0
999 _c76209
_d76209